|
|
|
|
| LEADER |
01048nam a2200253 a 4500 |
| 001 |
15854433 |
| 008 |
120812s2005 enka b 001 0 eng d |
| 010 |
|
|
|a 2009464555
|
| 020 |
|
|
|a 9780194316347 (pbk.)
|
| 020 |
|
|
|a 0194316343 (pbk.)
|
| 040 |
|
|
|a ERL
|c ERL
|d GZM
|d OUN
|d WEA
|d BAKER
|d YDXCP
|d LVB
|d UKM
|d BTCTA
|d NLGGC
|d UW1
|d DLC
|d BD-DhAAL
|
| 082 |
0 |
4 |
|a 401.93
|2 22
|
| 100 |
1 |
|
|a Ellis, Rod.
|
| 245 |
1 |
0 |
|a Analysing learner language /
|c Rod Ellis, Gary Barkhuizen.
|
| 260 |
|
|
|a Oxford ;
|a New York :
|b Oxford University Press,
|c 2005.
|
| 300 |
|
|
|a x, 404 p. :
|b ill. ;
|c 23 cm.
|
| 490 |
1 |
|
|a Oxford applied linguistics
|
| 504 |
|
|
|a Includes bibliographical references (p. [371]-396) and index.
|
| 541 |
|
|
|a 00025894
|
| 650 |
|
0 |
|a Second language acquisition.
|
| 700 |
1 |
|
|a Barkhuizen, Gary Patrick.
|
| 852 |
1 |
|
|a Ayesha Abed Library
|j General shelf
|
| 999 |
|
|
|c 12755
|d 12755
|
| 952 |
|
|
|0 0
|1 0
|4 0
|6 401_930000000000000_ELL
|7 0
|9 21012
|a BRACUL
|b BRACUL
|c GEN
|d 2012-08-12
|e Karim International
|g 628.05
|l 4
|m 7
|o 401.93 ELL
|p 3010025894
|r 2022-12-21
|s 2022-11-06
|t 1
|w 2012-08-12
|y BK
|